| 000 | 00439nam a2200157Ia 4500 | ||
|---|---|---|---|
| 999 |
_c5853 _d5853 |
||
| 003 | OSt | ||
| 005 | 20200114132852.0 | ||
| 008 | 190216s9999||||xx |||||||||||||| ||und|| | ||
| 040 | _coclc | ||
| 082 |
_a658 _bMOO/O |
||
| 100 |
_aMookerjee S S _91190 |
||
| 245 | 0 |
_aOrganisation And Management / _cS S Mookerjee |
|
| 260 |
_bSurjeet Pubs, _c1996. _aDelhi : |
||
| 300 | _a440p | ||
| 942 |
_cBK _2ddc _h658 _iMOO/O _k658 _mMOO/O |
||